01021nam a22002537a 4500003000500000005001700005008004100022010001000063011001000073035001100083040000900094100004100103245018300144260004700327300004200374502011900416530003600535650002600571650004100597650001400638650003700652650001400689856006400703CHAP20220329143355.0090122s2008 mx a r 00010 spa d a95688 a96660 a107316 cCHAP1 aGarcía Plascencia, Itzel Erendira.10aEfecto agudo de la suplementación de betacaroteno sobre el desarrollo de folículos antrales y niveles séricos de insulina en cabrasc/por Itzel Erendira García Plascencia aBermejillo, Dgo. Méx. :bEl autor,c2008 axi, 72 h. :bilus., cuadros, gráfs. aTesis (Ing. Agr. en Sistemas Pecuarias de Zonas Áridas) -- UACH. Unidad Regional Universitaria de Zonas Áridas aTambién disponible en línea14aAlfalfa como forraje.14aAlimentos y alimentacion del ganado.14aCaroteno.14aGanado cabríoxReproducción.14aHormonas. 3Finding aiduhttp://10.13.5.2/tesis/107316.pdfzTeclea aqui